01001cam a22003494i 4500003000900000005001700009008004100026035001900067040003300086082002100119100004800140245004600188264007800234300006700312336002100379337002500400338002300425505004300448526001000491526001000501526001000511526001000521526000800531526000800539526000800547526000800555526000800563526000800571526000800579600004200587650002200629PE-LiUPU20250731173057.0150623s1955 caua r 000 0 d a(Sirsi) a24353 aPE-LiUPUbspacPE-LiUPUerda04a286.732bJ382211 aJemison, Thomas Housel,d1914-1963,eautor.10aA prophet among you /cT. Housel Jemison. 1aMountain View, California :bPacific Press Publishing Association,c1955. a505 páginas :bilustraciones, gráficos ;c22 centímetros atext2rdacontent aunmediated2rdamedia avolume2rdacarrier0 aWhat the Bible says about its origin. aSEG42 aSEG41 aSEG40 aSEG39 aP94 aP87 aP86 aP85 aP77 aP76 aP351 aWhite, Ellen Gould Harmon.d1827-191504aProfecíaxIASD.